Washington, Westminster and Whitehall / (Record no. 616986)

000 -LEADER
fixed length control field 00414nam a22001457a 4500
020 ## - INTERNATIONAL STANDARD BOOK NUMBER
Qualifying information PB.
040 ## - CATALOGING SOURCE
Transcribing agency FUIZZA ISHAQ
082 ## - DEWEY DECIMAL CLASSIFICATION NUMBER
Classification number 320.441
Author Mark WIL
100 ## - MAIN ENTRY--PERSONAL NAME
Personal name Williams , Walter.
9 (RLIN) 134057
245 ## - TITLE STATEMENT
Title Washington, Westminster and Whitehall /
Statement of responsibility, etc. Walter Williams.
250 ## - EDITION STATEMENT
Edition statement 1st ED.
260 ## - PUBLICATION, DISTRIBUTION, ETC.
Place of publication, distribution, etc. New York:
Name of publisher, distributor, etc. Cambridge University Press,
Date of publication, distribution, etc. 1988.
300 ## - PHYSICAL DESCRIPTION
Extent 233 P. ;
Dimensions 5.5 x 0.62 x 8.5 inches
942 ## - ADDED ENTRY ELEMENTS (KOHA)
Source of classification or shelving scheme
Koha item type Book
Holdings
Withdrawn status Lost status Source of classification or shelving scheme Damaged status Not for loan Permanent Location Current Location Shelving location Date acquired Total Checkouts Full call number Barcode Date last seen Price effective from Koha item type
          NUST Baluchistan Campus (NBC) NUST Baluchistan Campus (NBC) General Stacks 04/13/2026   320.441 WIL QD-727 04/13/2026 04/13/2026 Book
© 2023 Central Library, National University of Sciences and Technology. All Rights Reserved.